Уроки родиноведения (Запись № 13675747)

Подробности
000 -МАРКЕР
контрольное поле 02267nam0a2200433 4500
001 - ИДЕНТИФИКАТОР ЗАПИСИ
контрольное поле RU\NLR\BIBL_A\022571293
005 - ИДЕНТИФИКАТОР ВЕРСИИ
контрольное поле 20260420045949.0
010 ## - МЕЖДУНАРОДНЫЙ СТАНДАРТНЫЙ НОМЕР КНИГИ (ISBN)
Номер (ISBN) 978-5-6053445-0-6
021 ## - НОМЕР ГОСУДАРСТВЕННОЙ РЕГИСТРАЦИИ
Код страны Российская Федерация
Номер КН-П-25-021998
Номер Листа государственной регистраци КН-П-25-2227
035 ## - ДРУГИЕ СИСТЕМНЫЕ НОМЕРА
Идентификатор записи (NLR Aleph) 022571293
100 ## - ДАННЫЕ ОБЩЕЙ ОБРАБОТКИ
Данные общей обработки 20250620d2024 u y0rusy50 ca
101 0# - ЯЗЫК РЕСУРСА
Язык текста, звукозаписи и т.д. русский
102 ## - СТРАНА ПУБЛИКАЦИИ ИЛИ ПРОИЗВОДСТВА
Страна публикации Российская Федерация
105 ## - ПОЛЕ КОДИРОВАННЫХ ДАННЫХ: ТЕКСТОВЫЕ МАТЕРИАЛЫ, МОНОГРАФИЧЕСКИЕ
Кодированные данные о монографическом текстовом документе acb j 000yy
181 #0 - ПОЛЕ КОДИРОВАННЫХ ДАННЫХ: ВИД СОДЕРЖАНИЯ
Код вида содержания (ISBD) b2
Код характеристики содержания (ISBD) xb2e
181 #0 - ПОЛЕ КОДИРОВАННЫХ ДАННЫХ: ВИД СОДЕРЖАНИЯ
Код вида содержания (ISBD) i2
Код характеристики содержания (ISBD) axxe
182 #0 - ПОЛЕ КОДИРОВАННЫХ ДАННЫХ: ТИП СРЕДСТВА
Код типа средства (ISBD) n - непосредственное
200 1# - ЗАГЛАВИЕ И СВЕДЕНИЯ ОБ ОТВЕТСТВЕННОСТИ
Основное заглавие Уроки родиноведения
Сведения, относящиеся к заглавию (учебно-патриотическое пособие)
Первые сведения об ответственности Государственное бюджетное учреждение "Национальный архив Республики Тыва" [и др.]
Последующие сведения об ответственности авторы-составители: К. Д. Аракчаа, канд. хим. наук [и др.].
203 ## - ВИД СОДЕРЖАНИЯ И ТИП СРЕДСТВА
Вид содержания Изображение
-- Текст
Дополнительные сведения об издании визуальные
Тип средства непосредственные
210 ## - ПУБЛИКАЦИЯ, РАСПРОСТРАНЕНИЕ И ДР.
Место издания, распространения и т.д. Кызыл
-- Красноярск
Имя издателя, распространителя и т. д. Кабардин А. О.
Дата издания, распространения и т.д. 2024
215 ## - ФИЗИЧЕСКАЯ ХАРАКТЕРИСТИКА
Специфическое обозначение материала и объем 193 с.
Другие сведения о физической характеристике цв. ил., карты, портр.
Размеры 26
300 ## - ОБЩИЕ ПРИМЕЧАНИЯ
Текст примечания На тит. с. и обл.: Посвящается 80-летию вхождения Тувинской Народной Республики в состав СССР
300 ## - ОБЩИЕ ПРИМЕЧАНИЯ
Текст примечания Кн. содержит QR-коды ссылок на доп. информ.
320 ## - ПРИМЕЧАНИЯ О НАЛИЧИИ В ДОКУМЕНТЕ БИБЛИОГРАФИИ / УКАЗАТЕЛЯ
Текст примечания Библиогр.: с. 192–193
333 ## - ПРИМЕЧАНИЯ ОБ ОСОБЕННОСТЯХ РАСПРОСТРАНЕНИЯ И ИСПОЛЬЗОВАНИЯ
Текст примечания 12+
607 ## - ГЕОГРАФИЧЕСКОЕ НАИМЕНОВАНИЕ КАК ПРЕДМЕТ
Географическое наименование Тыва, Республика
Формальный подзаголовок Учебные издания
Тематический подзаголовок География
Системный номер авторитетной/нормативной записи 2336530
Идентификатор авторитетной/нормативной записи RU\NLR\AUTH\6601620716
607 ## - ГЕОГРАФИЧЕСКОЕ НАИМЕНОВАНИЕ КАК ПРЕДМЕТ
Географическое наименование Тува
Формальный подзаголовок Учебные издания
Тематический подзаголовок История
Системный номер авторитетной/нормативной записи 2113923
Идентификатор авторитетной/нормативной записи RU\NLR\AUTH\661580770
607 ## - ГЕОГРАФИЧЕСКОЕ НАИМЕНОВАНИЕ КАК ПРЕДМЕТ
Географическое наименование Тува
Формальный подзаголовок Учебные издания
Тематический подзаголовок Культура
Системный номер авторитетной/нормативной записи 2453319
Идентификатор авторитетной/нормативной записи RU\NLR\AUTH\661458482
686 1# - ИНДЕКСЫ ДРУГИХ КЛАССИФИКАЦИЙ
Индекс Т3(2Р-6Ту)я7
686 1# - ИНДЕКСЫ ДРУГИХ КЛАССИФИКАЦИЙ
Индекс Т3(2Р-6Ту)0-7я7
686 1# - ИНДЕКСЫ ДРУГИХ КЛАССИФИКАЦИЙ
Индекс Д890(2Р54-6Ту)я7
702 #1 - ИМЯ ЛИЦА - ВТОРИЧНАЯ ОТВЕТСТВЕННОСТЬ
Код отношения Составитель
Графика поля Кириллица
Материалы, к которым относится поле rus
Начальный элемент ввода Аракчаа
Часть имени, кроме начального элемента ввода К. Д.
Даты 1950-
Расширение инициалов личного имени Кара-Кыс Донгаковна
Системный номер авторитетной/нормативной записи 118645
Идентификатор авторитетной/нормативной записи RU\NLR\AUTH\778755
712 02 - НАИМЕНОВАНИЕ ОРГАНИЗАЦИИ - ВТОРИЧНАЯ ОТВЕТСТВЕННОСТЬ
Код отношения Прочие
Начальный элемент ввода Национальный архив Республики Тыва
Идентифицирующий признак Кызыл
Системный номер авторитетной/нормативной записи 2660988
Идентификатор авторитетной/нормативной записи RU\NLR\AUTH\880628620
942 ## - ДОПОЛНИТЕЛЬНЫЕ ЭЛЕМЕНТЫ ЗАПИСИ (АБИС)
Тип экземпляра АБИС Книга
980 ## - КОЛЛЕКЦИЯ
Название коллекции Национальная библиография

Нет доступных экземпляров.